000 00590nam a2200217Ia 4500
001 14724
003 GE_BSU
008 181216s||||||||xx |||||||||||||| ||und||
040 _cGE_BSU
080 _a624.04(075)
100 _aСнитко,Н.К.
245 _aСтроительная механика.
245 _bУчеб. для втузов.
245 _cРед. Т.М.Минаева.
260 _aМ.
260 _bВысш. школа.
260 _c1972.
300 _a488 стр. с илл. 22 см.
653 _aСтроительная механика.
942 _cBK
999 _c47850
_d47850